| 000 | 06997nam a22005297a 4500 | ||
|---|---|---|---|
| 005 | 2010051402202.0 | ||
| 010 | _aHIN-89263 B-418963-984 | ||
| 020 |
_a9788123015903 _c200.00 |
||
| 035 | _aHN-61609 | ||
| 035 | _aB-418963-984 | ||
| 037 | _bDBAD / PUB | ||
| 037 | _bभारत पुस्तक भंडार | ||
| 082 | _a910.92 | ||
| 100 |
_aरावत, इन्द्र सिंह _926412 |
||
| 245 |
_a19वीं शताब्दी के भारतीय अन्वेषक / _cइन्द्र सिंह रावत; राजेन्द्र सिंह रावत द्वारा अनुदित एवं स्नेह राय द्वारा संपादित |
||
| 246 |
_a19Ween Shatabdee kai Bhartiya Anvaishak/ _bby Indr Singh Rawat; ed. by Rajendr Singh Rawat evm Sneh Roi |
||
| 260 |
_aनई दिल्ली _bप्रकाशन विभाग _c2009 |
||
| 270 |
_aसूचना और प्रसारण मंत्रालय, भारत सरकार, सूचना भवन, सी जी ओ कॉम्पलेक्स, लोदी रोड _bनई दिल्ली _e110003 |
||
| 300 |
_a305पृ _c22सेमी (अजिल्द) |
||
| 700 |
_aरावत, राजेन्द्र सिंह _918975 |
||
| 700 |
_aराय, स्नेह _918976 |
||
| 942 |
_2ddc _cHN _mरावत _h910.92 |
||
| 999 |
_c36059 _d36059 |
||